000 00895nam a2200289 i 4500
001 000012600
003 DO-SdBNP
005 20260303133932.0
007 ta
008 091113s2000 dr 000 h spa d
040 _aDO-SdBNP
_bspa
_cBNPHU
_erda
049 _aBNPD
082 4 _aRD867.44
_bP438c
_222
100 1 _aPérez, Mario Emilio,
_d1935-
_eautor
_4aut.
_922183
245 1 0 _aCogiéndolo suave /
_cMario Emilio Pérez.
264 1 _aSanto Domingo :
_bEditora Soto Castillo,
_c2000.
300 _a163 páginas ;
_c21 cm.
336 _atexto
_btxt
_2rdacontent
337 _asin mediación
_bn
_2rdamediación
338 _avolumen
_bnc
_2rdacarrier
650 4 _aSátira dominicana
_922186
650 0 _aHumorismo dominicano
_9275
650 4 _aCuentos dominicanos
_9176
650 4 _aLiteratura dominicana.
_967
910 _aValidado. Control de calidad. MMOLINA
942 _2ddc
_cLBS1
999 _c12255
_d12255